Statistics for Top Goalscorers in Champions League Knockout Phase

Click here to take the quiz!

General Stats

  • This quiz has been taken 109 times
    (18 since last reset)
  • The average score is 25 of 32

Answer Stats

#NationalityPlayer% Correct
67PortugalCristiano Ronaldo
100%
14Ivory CoastDidier Drogba
100%
8EgyptMohamed Salah
100%
10CameroonSamuel Eto'o
100%
10SenegalSadio Mané
100%
49ArgentinaLionel Messi
100%
13UruguayLuis Suárez
100%
26PolandRobert Lewandowski
100%
18UkraineAndriy Shevchenko
100%
24GermanyThomas Müller
100%
13BrazilNeymar
94%
18FranceKarim Benzema
94%
18SpainRaúl
88%
14EnglandWayne Rooney
88%
10SwedenZlatan Ibrahimović
88%
9ArgentinaSergio Agüero
81%
13FranceKylian Mbappé
81%
9ItalyAlessandro Del Piero
75%
8CroatiaMario Mandzukić
75%
12FranceThierry Henry
75%
16NetherlandsArjen Robben
69%
10SpainFernando Torres
69%
16ItalyFilippo Inzaghi
69%
8NetherlandsRobin van Persie
63%
15EnglandFrank Lampard
56%
8SpainAlvaro Morata
56%
8FinlandJari Litmanen
56%
11BrazilKaká
50%
9GermanyMario Gomez
50%
8FranceZinedine Zidane
50%
9SpainFernando Morientes
44%
8GermanyMichael Ballack
25%

Score Distribution

Percentile by Number Answered

Percent of People with Each Score

Your Score History

You have not taken this quiz since the last reset